[Event "Seniors Urfo Championship 2019 rapid"]
[Site "?"]
[Date "2019.04.07"]
[Round "1.1"]
[White "Pozin, Sergey"]
[Black "Sakhautdinov, Gazizjan"]
[Result "1-0"]
[WhiteElo "2362"]
[BlackElo "1475"]
[PlyCount "61"]
[EventDate "2019.??.??"]
[EventType "rapid"]

1. d4 Nf6 2. Nf3 d5 3. Bf4 e6 4. Nbd2 Nc6 5. e3 a6 6. c3 Be7 7. Ne5 O-O 8. Bd3
Bd6 9. Qf3 Qe7 10. Qh3 Nxe5 11. dxe5 Ne4 12. f3 f5 13. fxe4 dxe4 14. exd6 cxd6
15. Bc4 d5 16. Bb3 g5 17. Qg3 g4 18. h3 Qg7 19. hxg4 Qxg4 20. Qh2 Rf7 21. Bd1
Qg7 22. Bh5 Rd7 23. Be5 Qg5 24. O-O-O b5 25. Bd4 Raa7 26. g4 Rab7 27. gxf5 Qxf5
28. Rdf1 b4 29. Rxf5 exf5 30. Qe5 Rg7 31. Qe8# 1-0

[Event "Seniors Urfo Championship 2019 rapid"]
[Site "?"]
[Date "2019.04.07"]
[Round "1.2"]
[White "Chelpanov, Boris"]
[Black "Kolomensky, Vladimir"]
[Result "0-1"]
[WhiteElo "1350"]
[BlackElo "2206"]
[PlyCount "71"]
[EventDate "2019.??.??"]
[EventType "rapid"]

1. d4 Nf6 2. c4 e6 3. a3 c5 4. Be3 cxd4 5. Qxd4 Nc6 6. Qd1 d5 7. c5 d4 8. Bg5
Bxc5 9. e3 h6 10. Bh4 dxe3 11. Qxd8+ Kxd8 12. fxe3 Bxe3 13. Nf3 Ke7 14. Nc3 Bd7
15. Rd1 Rhd8 16. Bf2 Bxf2+ 17. Kxf2 Be8 18. Bc4 Ng4+ 19. Kg3 Rxd1 20. Nxd1 Nge5
21. Bb5 Nxf3 22. gxf3 Rd8 23. Nc3 Rd2 24. Rb1 f5 25. h4 a6 26. Bc4 Ne5 27. Bf1
Bc6 28. Bg2 Rd3 29. Rf1 g5 30. hxg5 hxg5 31. Ne2 Rd2 32. Rf2 Rxb2 33. f4 Ng4
34. fxg5 Nxf2 35. Kxf2 Bxg2 36. Kxg2 0-1

[Event "Seniors Urfo Championship 2019 rapid"]
[Site "?"]
[Date "2019.04.07"]
[Round "1.3"]
[White "Simonov, Nikolai"]
[Black "Beresten, Iurii"]
[Result "1-0"]
[WhiteElo "2035"]
[BlackElo "1314"]
[PlyCount "63"]
[EventDate "2019.??.??"]
[EventType "rapid"]

1. d4 d5 2. Nf3 Nc6 3. e3 e6 4. c4 dxc4 5. Bxc4 h6 6. O-O Nf6 7. Nc3 a6 8. a3
Be7 9. b4 O-O 10. h3 b5 11. Bb3 Bb7 12. e4 Rb8 13. Be3 Nh7 14. Qd3 Ng5 15. Nxg5
Bxg5 16. f4 Bh4 17. Rad1 Ne7 18. Qe2 Ng6 19. Qh5 Kh7 20. f5 exf5 21. exf5 Nh8
22. d5 Qe7 23. Bc5 Qe5 24. Rd3 Be7 25. Bd4 Qd6 26. Ne4 Qd8 27. f6 Bxf6 28. Bxf6
g6 29. Bxd8 gxh5 30. Bxc7 Rbc8 31. Nf6+ Kg6 32. Rg3# 1-0

[Event "Seniors Urfo Championship 2019 rapid"]
[Site "?"]
[Date "2019.04.07"]
[Round "2.1"]
[White "Skokov, Vasily"]
[Black "Pozin, Sergey"]
[Result "0-1"]
[WhiteElo "1651"]
[BlackElo "2362"]
[PlyCount "34"]
[EventDate "2019.??.??"]
[EventType "rapid"]

1. e4 c5 2. Nf3 d6 3. d4 cxd4 4. Nxd4 Nf6 5. Nc3 Nc6 6. Bb5 Bd7 7. Nxc6 bxc6 8.
Bd3 g6 9. b3 Bg7 10. Bb2 O-O 11. O-O Qc7 12. Ne2 d5 13. exd5 Ng4 14. d6 Qxd6
15. Ng3 Bxb2 16. Rb1 Bd4 17. Ne4 Qxh2# 0-1

[Event "Seniors Urfo Championship 2019 rapid"]
[Site "?"]
[Date "2019.04.07"]
[Round "2.2"]
[White "Kolomensky, Vladimir"]
[Black "Radostev, Aleksandr"]
[Result "1-0"]
[WhiteElo "2206"]
[BlackElo "1542"]
[PlyCount "51"]
[EventDate "2019.??.??"]
[EventType "rapid"]

1. e4 e5 2. Nf3 Nc6 3. Bc4 d6 4. d4 exd4 5. Nxd4 Nxd4 6. Qxd4 Qf6 7. Qd3 Be6 8.
Nc3 Ne7 9. Be3 Nc6 10. Bd5 Be7 11. Qb5 Bd7 12. O-O-O O-O 13. f4 Rfb8 14. h3 a6
15. Qe2 Nb4 16. g4 Bf8 17. g5 Qe7 18. Bb3 b5 19. a3 Nc6 20. Qf3 g6 21. Nd5 Qd8
22. h4 Be6 23. h5 Na5 24. Nf6+ Kg7 25. Bxe6 fxe6 26. hxg6 1-0

[Event "Seniors Urfo Championship 2019 rapid"]
[Site "?"]
[Date "2019.04.07"]
[Round "2.3"]
[White "Mukhamedyanov, Gizzat"]
[Black "Simonov, Nikolai"]
[Result "0-1"]
[WhiteElo "1497"]
[BlackElo "2035"]
[PlyCount "48"]
[EventDate "2019.??.??"]
[EventType "rapid"]

1. e4 c5 2. Bc4 e6 3. Nc3 Nc6 4. Nf3 d6 5. d4 cxd4 6. Nxd4 a6 7. Be3 Nf6 8. h3
Be7 9. a3 O-O 10. O-O Qc7 11. f4 Rd8 12. Qf3 Nxd4 13. Bxd4 Qxc4 14. Rad1 Rb8
15. e5 dxe5 16. Bxe5 Ra8 17. Qg3 Bd7 18. Rfe1 Bc6 19. Kh1 Rxd1 20. Rxd1 Rd8 21.
Re1 Rd2 22. Re4 Bxe4 23. Nxe4 Qxe4 24. Qc3 Qxg2# 0-1

[Event "Seniors Urfo Championship 2019 rapid"]
[Site "?"]
[Date "2019.04.07"]
[Round "3.1"]
[White "Pozin, Sergey"]
[Black "Mukhametnurov, Valery"]
[Result "1-0"]
[WhiteElo "2362"]
[BlackElo "1837"]
[PlyCount "53"]
[EventDate "2019.??.??"]
[EventType "rapid"]

1. d4 d5 2. Nf3 Nf6 3. Bf4 Bf5 4. e3 e6 5. c4 Bd6 6. Bg5 c6 7. Qb3 Qb6 8. c5
Qxb3 9. axb3 Bc7 10. Nc3 Nbd7 11. b4 Ne4 12. Nxe4 Bxe4 13. Nd2 f6 14. Nxe4 dxe4
15. Bh4 Ke7 16. Bc4 a6 17. Ke2 g5 18. Bg3 Bxg3 19. hxg3 h5 20. Rh2 Rh6 21. b5
cxb5 22. Bxb5 Rah8 23. Bc4 f5 24. Ra3 Kd8 25. b4 Kc7 26. Rh1 Nf6 27. Bxe6 1-0

[Event "Seniors Urfo Championship 2019 rapid"]
[Site "?"]
[Date "2019.04.07"]
[Round "3.2"]
[White "Bogachev, Victor"]
[Black "Kolomensky, Vladimir"]
[Result "0-1"]
[WhiteElo "1845"]
[BlackElo "2206"]
[PlyCount "61"]
[EventDate "2019.??.??"]
[EventType "rapid"]

1. e4 c5 2. Nf3 e6 3. c3 d5 4. exd5 Qxd5 5. d4 Nf6 6. Bb5+ Nbd7 7. O-O cxd4 8.
c4 Qc5 9. Qxd4 Qxd4 10. Nxd4 a6 11. Ba4 Be7 12. Nc3 O-O 13. Bc2 Ne5 14. b3 Rd8
15. Nce2 Bd7 16. Bb2 Nc6 17. Rad1 b5 18. cxb5 Nxd4 19. Nxd4 axb5 20. Bb1 Kf8
21. Rc1 Rdc8 22. Nf3 Nd5 23. Ne5 Be8 24. g3 b4 25. Rxc8 Rxc8 26. Rc1 Rxc1+ 27.
Bxc1 Nc3 28. Bd3 Nxa2 29. Be3 f6 30. Nc4 h6 31. Kf1 0-1

[Event "Seniors Urfo Championship 2019 rapid"]
[Site "?"]
[Date "2019.04.07"]
[Round "3.3"]
[White "Simonov, Nikolai"]
[Black "Yudin, Anatoly"]
[Result "1-0"]
[WhiteElo "2035"]
[BlackElo "1713"]
[PlyCount "89"]
[EventDate "2019.??.??"]
[EventType "rapid"]

1. d4 d5 2. Nf3 Nf6 3. c4 e6 4. g3 Nc6 5. b3 h6 6. Bg2 Bb4+ 7. Bd2 Bxd2+ 8.
Nbxd2 O-O 9. O-O Ne7 10. Re1 c6 11. e4 dxe4 12. Nxe4 Nxe4 13. Rxe4 Ng6 14. Qe2
f5 15. Re3 f4 16. Rd3 fxg3 17. hxg3 Ne7 18. Ne5 Nf5 19. Rad1 Bd7 20. d5 exd5
21. cxd5 c5 22. Bh3 Bb5 23. Bxf5 Rxf5 24. Nc4 Qf8 25. d6 Rd8 26. f4 b6 27. a4
Bxc4 28. bxc4 Rd7 29. Qe6+ Qf7 30. Qxf7+ Kxf7 31. Kf2 g5 32. Kf3 gxf4 33. gxf4
Rf6 34. Rd5 a5 35. f5 Kf8 36. Kf4 Kf7 37. Ke5 Rd8 38. d7 Ke7 39. Rd6 Rxd6 40.
Rxd6 Rxd7 41. Rxd7+ Kxd7 42. Kf6 Ke8 43. Kg7 h5 44. f6 h4 45. f7+ 1-0

[Event "Seniors Urfo Championship 2019 rapid"]
[Site "?"]
[Date "2019.04.07"]
[Round "4.1"]
[White "Simonov, Nikolai"]
[Black "Pozin, Sergey"]
[Result "0-1"]
[WhiteElo "2035"]
[BlackElo "2362"]
[PlyCount "97"]
[EventDate "2019.??.??"]
[EventType "rapid"]

1. d4 Nf6 2. Nf3 e6 3. c4 b6 4. g3 Bb7 5. Bg2 Be7 6. O-O O-O 7. Nc3 Ne4 8. Bd2
f5 9. e3 d6 10. Nxe4 fxe4 11. Ne1 c5 12. Bc3 cxd4 13. exd4 Nd7 14. Nc2 Qe8 15.
Ne3 Qg6 16. Qg4 Bg5 17. Bh3 Rae8 18. Rae1 Nf6 19. Qd1 Rf7 20. Qa4 Qh5 21. Kg2
Bc8 22. d5 e5 23. Bxc8 Rxc8 24. h3 Qf3+ 25. Kg1 h5 26. Qd1 Qxd1 27. Rxd1 Bxe3
28. fxe3 Rxc4 29. a3 a5 30. Rf5 g6 31. Rf2 Nd7 32. Rxf7 Kxf7 33. Kf2 Nf6 34.
Rc1 Nxd5 35. Bd2 Rxc1 36. Bxc1 a4 37. Bd2 Ke6 38. Ke2 g5 39. Kf2 g4 40. hxg4
hxg4 41. Ke2 Ne7 42. Bb4 Nc6 43. Bc3 Kd5 44. Kd2 Kc4 45. Kc2 b5 46. Bd2 Ne7 47.
Be1 Nf5 48. Bf2 d5 49. Kd2 0-1

[Event "Seniors Urfo Championship 2019 rapid"]
[Site "?"]
[Date "2019.04.07"]
[Round "4.2"]
[White "Kolomensky, Vladimir"]
[Black "Grigoryeva, Olga"]
[Result "1-0"]
[WhiteElo "2206"]
[BlackElo "1810"]
[PlyCount "43"]
[EventDate "2019.??.??"]
[EventType "rapid"]

1. e4 e5 2. Nf3 Nc6 3. Bc4 Be7 4. d4 d6 5. dxe5 dxe5 6. Bd5 Bd7 7. Nc3 Nf6 8.
O-O O-O 9. h3 h6 10. Be3 a6 11. Qe2 Bd6 12. Rfd1 Qe7 13. a3 Rfe8 14. Rd2 Rad8
15. Rad1 Nxd5 16. Nxd5 Qe6 17. c4 f5 18. exf5 Qxf5 19. c5 e4 20. Nh4 Qf7 21.
cxd6 g5 22. dxc7 1-0

[Event "Seniors Urfo Championship 2019 rapid"]
[Site "?"]
[Date "2019.04.07"]
[Round "4.3"]
[White "Malkova, Nadezhda"]
[Black "Mukhamedyanov, Gizzat"]
[Result "1-0"]
[WhiteElo "1922"]
[BlackElo "1497"]
[PlyCount "127"]
[EventDate "2019.??.??"]
[EventType "rapid"]

1. d4 d5 2. c4 dxc4 3. Nc3 Bf5 4. e4 Bg6 5. Bxc4 e6 6. Nge2 Bb4 7. O-O Bxc3 8.
Nxc3 Nc6 9. Be3 h6 10. Qd2 Nf6 11. f3 O-O 12. Rfd1 Nh5 13. a3 a6 14. b4 Qe7 15.
Qa2 b5 16. Bb3 a5 17. bxa5 Rxa5 18. Qb2 b4 19. Nb1 bxa3 20. Nxa3 Rfa8 21. Nc4
Qb4 22. Nxa5 Rxa5 23. Bd2 Qxd4+ 24. Qxd4 Nxd4 25. Rxa5 Nxb3 26. Ra8+ Kh7 27.
Rb8 Nd4 28. Kf2 f5 29. exf5 exf5 30. Bc3 Ne6 31. Re1 Nhf4 32. Rd1 Nc5 33. Bd4
Nfd3+ 34. Ke2 f4 35. Bxc5 Nxc5 36. Rd4 Ne6 37. Rd7 Bf5 38. Re7 Nd4+ 39. Kd2 Nc6
40. Ree8 Nxb8 41. Rxb8 c6 42. Kc3 Be6 43. Kd4 Bd5 44. Ke5 Kg6 45. Kxf4 h5 46.
h4 Kh6 47. g4 hxg4 48. fxg4 g6 49. g5+ Kg7 50. Ke5 Bf7 51. Rc8 Bd5 52. Rc7+ Bf7
53. Rxc6 Bb3 54. Rc7+ Bf7 55. Re7 Kf8 56. Kf6 Be8 57. Rc7 Kg8 58. Rg7+ Kf8 59.
Rxg6 Bxg6 60. Kxg6 Kg8 61. h5 Kh8 62. Kf7 Kh7 63. g6+ Kh6 64. g7 1-0

[Event "Seniors Urfo Championship 2019 rapid"]
[Site "?"]
[Date "2019.04.07"]
[Round "5.1"]
[White "Pozin, Sergey"]
[Black "Kolomensky, Vladimir"]
[Result "1/2-1/2"]
[WhiteElo "2362"]
[BlackElo "2206"]
[PlyCount "45"]
[EventDate "2019.??.??"]
[EventType "rapid"]

1. d4 Nf6 2. Nf3 e6 3. c4 Bb4+ 4. Nbd2 O-O 5. g3 b6 6. Bg2 Bb7 7. O-O Bxd2 8.
Bxd2 d6 9. c5 dxc5 10. dxc5 Nbd7 11. cxb6 cxb6 12. Bb4 Re8 13. Qb3 Bd5 14. Qa3
Qc7 15. Rfc1 Qb7 16. Bf1 Rec8 17. Rxc8+ Rxc8 18. e4 Bc4 19. Bxc4 Rxc4 20. Nd2
Rc8 21. Rd1 h6 22. Qe3 Nc5 23. Bxc5 1/2-1/2

[Event "Seniors Urfo Championship 2019 rapid"]
[Site "?"]
[Date "2019.04.07"]
[Round "5.2"]
[White "Grigoryeva, Olga"]
[Black "Simonov, Nikolai"]
[Result "0-1"]
[WhiteElo "1810"]
[BlackElo "2035"]
[PlyCount "75"]
[EventDate "2019.??.??"]
[EventType "rapid"]

1. e4 c5 2. c3 Nf6 3. e5 Nd5 4. Nf3 d6 5. d4 cxd4 6. cxd4 Nc6 7. Bc4 Nb6 8. Bb5
dxe5 9. Nxe5 Bd7 10. Nxd7 Qxd7 11. Nc3 e6 12. O-O Be7 13. Re1 O-O 14. Be3 Rad8
15. Qf3 Nxd4 16. Bxd4 Qxd4 17. Qxb7 Bc5 18. Qf3 Nd5 19. Nxd5 Rxd5 20. Rad1 Qb4
21. Qb3 Qf4 22. Qc2 Rfd8 23. Rxd5 Rxd5 24. g3 Qb4 25. Qe2 Rd2 26. Qe4 Qxb5 27.
Qa8+ Bf8 28. b3 Qb6 29. Rf1 Rxa2 30. h4 Qxb3 31. Rc1 Qb2 32. Rf1 a5 33. Kg2 a4
34. Kh3 a3 35. Rd1 Qf6 36. Rd8 Qe7 37. Re8 Qc5 38. Rc8 0-1

[Event "Seniors Urfo Championship 2019 rapid"]
[Site "?"]
[Date "2019.04.07"]
[Round "5.3"]
[White "Nemchinov, Aleksandr"]
[Black "Malkova, Nadezhda"]
[Result "0-1"]
[WhiteElo "1272"]
[BlackElo "1922"]
[PlyCount "56"]
[EventDate "2019.??.??"]
[EventType "rapid"]

1. d4 d5 2. Bf4 e6 3. e3 c5 4. Nf3 Nf6 5. c4 Nc6 6. Nc3 a6 7. a3 Bd6 8. Bg5
cxd4 9. Nxd4 Nxd4 10. Qxd4 e5 11. Qh4 dxc4 12. Bxc4 O-O 13. O-O-O Qc7 14. Bd3
h6 15. Bxf6 gxf6 16. Qxh6 f5 17. Qg5+ Kh8 18. Kb1 e4 19. Nxe4 fxe4 20. Bxe4 f5
21. Bd5 Qg7 22. Qh5+ Qh7 23. Qg5 Be7 24. Qf4 Bf6 25. h4 Qg7 26. Qb4 Rb8 27. e4
b5 28. exf5 Bxf5+ {f3} 0-1

[Event "Seniors Urfo Championship 2019 rapid"]
[Site "?"]
[Date "2019.04.07"]
[Round "6.1"]
[White "Malkova, Nadezhda"]
[Black "Pozin, Sergey"]
[Result "0-1"]
[WhiteElo "1922"]
[BlackElo "2362"]
[PlyCount "42"]
[EventDate "2019.??.??"]
[EventType "rapid"]

1. d4 Nf6 2. c4 g6 3. Nc3 Bg7 4. e4 d6 5. f3 O-O 6. Bd3 Nc6 7. Nge2 Re8 8. O-O
e5 9. d5 Nd4 10. Be3 Nh5 11. Nb5 Nxe2+ 12. Qxe2 c5 13. Nc3 f5 14. g3 f4 15.
gxf4 exf4 16. Bd2 Bh3 17. Rfe1 Bd4+ 18. Kh1 Qh4 19. Nd1 Re5 20. Bc3 Ng3+ 21.
hxg3 Bg2+ 0-1

[Event "Seniors Urfo Championship 2019 rapid"]
[Site "?"]
[Date "2019.04.07"]
[Round "6.2"]
[White "Kolomensky, Vladimir"]
[Black "Simonov, Nikolai"]
[Result "1-0"]
[WhiteElo "2206"]
[BlackElo "2035"]
[PlyCount "62"]
[EventDate "2019.??.??"]
[EventType "rapid"]

1. e4 c5 2. Nf3 d6 3. d4 cxd4 4. Nxd4 Nf6 5. Nc3 a6 6. Be2 e5 7. Nf3 Be7 8. Bg5
O-O 9. Bxf6 Bxf6 10. Nd5 Be7 11. O-O Be6 12. Bc4 Nd7 13. Qe2 b5 14. Bb3 Nc5 15.
Rfd1 Ra7 16. c3 Kh8 17. Bc2 Bxd5 18. Rxd5 Qa8 19. Rad1 Ne6 20. g3 Rc7 21. a3
Rfc8 22. Bb3 Nc5 23. Ba2 Qb7 24. h4 h6 25. Nd2 f5 26. exf5 Rf8 27. Ne4 Qb6 28.
Nxd6 Bxd6 29. Rxd6 Rc6 30. Qxe5 Ne4 31. R6d4 Nf6 1-0

[Event "Seniors Urfo Championship 2019 rapid"]
[Site "?"]
[Date "2019.04.07"]
[Round "6.3"]
[White "Mukhametnurov, Valery"]
[Black "Gutz, Victor"]
[Result "1-0"]
[WhiteElo "1837"]
[BlackElo "1303"]
[PlyCount "65"]
[EventDate "2019.??.??"]
[EventType "rapid"]

1. d4 d5 2. c4 c6 3. Nc3 Nf6 4. Nf3 e6 5. e3 g6 6. Bd3 Bh6 7. O-O O-O 8. Qe2
Nbd7 9. Rd1 dxc4 10. Bxc4 b5 11. Bd3 b4 12. Na4 a5 13. e4 Bxc1 14. Raxc1 Bb7
15. Qe3 Kg7 16. Qf4 Nh5 17. Qd6 Ndf6 18. Qc5 Nd7 19. Qd6 Ndf6 20. Qe5 Kg8 21.
h3 Nd7 22. Qd6 Ndf6 23. Qe5 Nd7 24. Qh2 Rb8 25. Qd6 Ndf6 26. Qc5 Nd7 27. Qc2
Nf4 28. Bc4 Nb6 29. Nxb6 Qxb6 30. Qd2 Nh5 31. Qh6 Qc7 32. Ng5 Nf6 33. e5 1-0

[Event "Seniors Urfo Championship 2019 rapid"]
[Site "?"]
[Date "2019.04.07"]
[Round "7.1"]
[White "Pozin, Sergey"]
[Black "Bogachev, Victor"]
[Result "1-0"]
[WhiteElo "2362"]
[BlackElo "1845"]
[PlyCount "54"]
[EventDate "2019.??.??"]
[EventType "rapid"]

1. d4 Nf6 2. Nf3 c6 3. c4 g6 4. Nc3 Bg7 5. Bg5 O-O 6. e3 Na6 7. Bd3 Nc7 8. O-O
d5 9. h3 dxc4 10. Bxc4 Ncd5 11. Bh4 Qb6 12. Bb3 Bf5 13. Ne5 Rad8 14. Nc4 Qc7
15. Bg3 Qc8 16. Nxd5 cxd5 17. Ne5 Ne4 18. Bh2 Ng5 19. Rc1 Qe6 20. Nd3 Be4 21.
Nf4 Qd7 22. f3 Bf5 23. g4 e5 24. dxe5 Bxe5 25. Kg2 Bxb2 26. Nxd5 Be6 27. Rc7
Qb5 1-0

[Event "Seniors Urfo Championship 2019 rapid"]
[Site "?"]
[Date "2019.04.07"]
[Round "7.2"]
[White "Mukhametnurov, Valery"]
[Black "Kolomensky, Vladimir"]
[Result "0-1"]
[WhiteElo "1837"]
[BlackElo "2206"]
[PlyCount "53"]
[EventDate "2019.??.??"]
[EventType "rapid"]

1. d4 Nf6 2. c4 e6 3. Nf3 Bb4+ 4. Bd2 Qe7 5. e3 O-O 6. Bd3 Bxd2+ 7. Qxd2 d6 8.
O-O e5 9. Bc2 e4 10. Ne1 c6 11. Nc3 d5 12. f3 exf3 13. Nxf3 Nbd7 14. cxd5 cxd5
15. Rae1 Qd6 16. e4 dxe4 17. Nxe4 Nxe4 18. Rxe4 Nf6 19. Rh4 Rd8 20. Ng5 h6 21.
Nxf7 Kxf7 22. Bb3+ Be6 23. d5 Bxd5 24. Bxd5+ Qxd5 25. Qc2 Rac8 26. Qa4 b5 27.
Qxa7+ 0-1

[Event "Seniors Urfo Championship 2019 rapid"]
[Site "?"]
[Date "2019.04.07"]
[Round "7.3"]
[White "Simonov, Nikolai"]
[Black "Radostev, Aleksandr"]
[Result "1-0"]
[WhiteElo "2035"]
[BlackElo "1542"]
[PlyCount "89"]
[EventDate "2019.??.??"]
[EventType "rapid"]

1. d4 d5 2. Nf3 Bg4 3. Ne5 Bh5 4. g3 Nd7 5. Bg2 Nxe5 6. dxe5 e6 7. O-O Bc5 8.
Qd3 c6 9. c3 Ne7 10. Be3 Bg6 11. Qd2 Bxe3 12. Qxe3 O-O 13. Nd2 Nf5 14. Qf4 f6
15. Rad1 fxe5 16. Qxe5 Qf6 17. Qc7 Rf7 18. Qa5 h5 19. e4 Nh6 20. exd5 exd5 21.
c4 b6 22. Qa3 dxc4 23. Nxc4 Ng4 24. Rd6 Qe7 25. Rxg6 Qxa3 26. bxa3 Raf8 27.
Bxc6 Rf6 28. Bd5+ Kh7 29. Rxf6 Rxf6 30. Ne3 Ne5 31. Kg2 h4 32. h3 hxg3 33. fxg3
Rd6 34. Rd1 Kh8 35. Be4 Rxd1 36. Nxd1 Kg8 37. g4 Kf7 38. Kg3 Ke6 39. Kf4 Nc4
40. a4 Nd6 41. h4 Nf7 42. Ne3 a5 43. Bd5+ Kf6 44. g5+ Kg6 45. h5+ 1-0

[Event "Seniors Urfo Championship 2019 rapid"]
[Site "?"]
[Date "2019.04.07"]
[Round "8.1"]
[White "Grigoryeva, Olga"]
[Black "Pozin, Sergey"]
[Result "0-1"]
[WhiteElo "1810"]
[BlackElo "2362"]
[PlyCount "68"]
[EventDate "2019.??.??"]
[EventType "rapid"]

1. e4 c5 2. c3 d6 3. d4 Nf6 4. Bd3 e5 5. Ne2 Be7 6. O-O O-O 7. Be3 Nc6 8. d5
Nb8 9. f4 Ng4 10. Qc1 Nxe3 11. Qxe3 exf4 12. Nxf4 Nd7 13. Nd2 Ne5 14. Be2 Bg5
15. Nf3 Bh6 16. g3 Qe7 17. Qf2 Ng4 18. Qg2 Ne3 19. Qf2 Nxf1 20. Rxf1 Bxf4 21.
gxf4 Qxe4 22. Ng5 Qg6 23. Kh1 Bf5 24. Rg1 Qh6 25. h4 Rae8 26. Bb5 Re7 27. Kh2
a6 28. Bf1 Rfe8 29. b3 Qh5 30. Rg2 g6 31. c4 Re3 32. Kg1 Re1 33. Nf3 Rxf1+ 34.
Qxf1 Bh3 0-1

[Event "Seniors Urfo Championship 2019 rapid"]
[Site "?"]
[Date "2019.04.07"]
[Round "8.3"]
[White "Bogachev, Victor"]
[Black "Simonov, Nikolai"]
[Result "0-1"]
[WhiteElo "1845"]
[BlackElo "2035"]
[PlyCount "56"]
[EventDate "2019.??.??"]
[EventType "rapid"]

1. d4 d5 2. c4 e6 3. Nc3 Nf6 4. Nf3 c6 5. Bf4 Bd6 6. Bg5 h6 7. Bh4 O-O 8. e3
Nbd7 9. Be2 Re8 10. O-O b6 11. Rc1 Bb7 12. cxd5 exd5 13. a3 Rc8 14. Bd3 g5 15.
Bg3 Bxg3 16. hxg3 Ne4 17. Nd2 c5 18. Nb5 Qe7 19. Nxa7 Ra8 20. Nb5 Rac8 21. Bxe4
dxe4 22. Nc4 Ba6 23. Nbd6 Bxc4 24. Nxc4 b5 25. Nd2 cxd4 26. exd4 e3 27. Nf3 e2
28. Rxc8 Rxc8 0-1

[Event "Seniors Urfo Championship 2019 rapid"]
[Site "?"]
[Date "2019.04.07"]
[Round "9.2"]
[White "Beresten, Iurii"]
[Black "Kolomensky, Vladimir"]
[Result "0-1"]
[WhiteElo "1314"]
[BlackElo "2206"]
[PlyCount "84"]
[EventDate "2019.??.??"]
[EventType "rapid"]

1. e4 c5 2. d4 cxd4 3. Qxd4 Nc6 4. Qd1 Nf6 5. Bc4 e6 6. Nc3 Bb4 7. Bd3 d5 8.
exd5 Nxd5 9. Bd2 Nxc3 10. bxc3 Be7 11. Nf3 O-O 12. O-O b6 13. Qe2 Bb7 14. Rad1
Qc7 15. Bg5 Rfd8 16. Qe4 g6 17. Qh4 Rd5 18. c4 Ra5 19. Qh6 Bf8 20. Qh4 Ne5 21.
Nxe5 Qxe5 22. f4 Qc5+ 23. Kh1 Rxa2 24. Bf6 Qc6 25. Qh3 Bg7 26. Bxg7 Kxg7 27.
Rfe1 Qc7 28. Qg4 Rd8 29. Re3 h5 30. Qh4 Rd4 31. Rf1 Ra5 32. Qf2 Qd6 33. Rg3 Rc5
34. Qe3 a5 35. Rg5 Rxg5 36. fxg5 e5 37. Rf6 Qc7 38. Qf2 Rd6 39. Qg3 Qe7 40. Qh4
Rxf6 41. gxf6+ Qxf6 42. Qf2 Qxf2 0-1